| 000 | 00434nam a2200169Ia 4500 | ||
|---|---|---|---|
| 005 | 20250423095735.0 | ||
| 008 | 250422s9999 xx 000 0 und d | ||
| 020 | _a9780072910001 | ||
| 050 | _aHG 4026 .B667/ | ||
| 100 | _aBrealey, Richard A. | ||
| 245 | 0 | _aInstructor's manual to accompany principles of corporate finance | |
| 260 | _aBoston | ||
| 260 | _bIrwin/McGraw-Hill | ||
| 260 | _c2000 | ||
| 300 | _a489 p | ||
| 942 | _cBK | ||
| 999 |
_c31188 _d31188 |
||